| 000 | 00976nam0a22002891 4500 | ||
|---|---|---|---|
| 001 | RU\NLR\INFOCOMM_190\5000052067 | ||
| 005 | 20250613093842.0 | ||
| 035 | _a(NLR Aleph) 009228968 | ||
| 090 |
_a8853964 _c8853964 |
||
| 100 | _a20100615d1983 |||y0rusy50 ca | ||
| 101 | 1 |
_ascr _crus |
|
| 102 |
_aRU _aRS |
||
| 105 | _aa ||||000|y | ||
| 200 | 1 |
_aBajke _fKornej Čukovski _g[Prev. s rus.: Vera Kusicki, Petar Antonović] |
|
| 210 |
_aΜ. _aGornji Milanovac _cRadouga _cDečje novine _d1983 |
||
| 215 |
_a63 с. _cцв. ил. _d29 см |
||
| 300 | _aНа обороте тит. л.: Сказки / К. Чуковский | ||
| 686 |
_aДл605 _2rubbk |
||
| 700 | 1 |
_9z01790 _aČukovskij _bK. I. _f1882-1969 _gKornej Ivanovič _4070 |
|
| 702 | 1 |
_aKusicki _bV. _gVera _4730 |
|
| 702 | 1 |
_aAntonović _bP. _gPetar _4730 |
|
| 790 | 1 |
_9z01700 _aČukovski _bK. _gKornej _4070 |
|
| 801 | 1 |
_aRU _bNLR _c20100615 |
|
| 801 | 0 |
_aRU _bNLR _gPSBO |
|
| 852 |
_aNLR _jСл Хорв-4/526 |
||
| 942 | _cBOOK | ||
| 980 | _aNB | ||